000 01084nam a22003371i 4500
001 bslw10114202
005 20240305165703.0
006 m o d
007 cr un ---uuuua
008 240103s2022 cl o 000 0 spa d
020 _a9789563670950
035 _a41998
040 _aUtOrBLW
_beng
_erda
_cUtOrBLW
043 _as-cl---
050 4 _aKHF2665
_b.S68 2022
082 0 4 _a347.83077
_223
100 1 _aSoto Ramírez, Víctor,
_eauthor.
245 1 0 _aManual de juicio ejecutivo /
_cVíctor Soto Ramírez ; prólogo, Elizabeth Sescovich Pequeño.
250 _a1a edición.
264 1 _aSantiago, Chile :
_bEditorial El Jurista,
_c2022.
300 _a1 online resource (121 pages)
336 _atext
_btxt
_2rdacontent
337 _acomputer
_bc
_2rdamedia
338 _aonline resource
_bcr
_2rdacarrier
650 0 _aJudgments
_zChile.
650 0 _aJudicial process
_zChile.
650 0 _aCivil procedure
_zChile.
700 1 _aSescovich Pequeño, Elizabeth,
_ewriter of foreword.
856 4 0 _uhttps://app.vlex.com/#/sources/41998
942 _cRAA
999 _c173512
_d173512